| 000 | 00749nam a22002057a 4500 | ||
|---|---|---|---|
| 999 |
_c175587 _d175587 |
||
| 005 | 20200910120003.0 | ||
| 010 | _aENG-128399 | ||
| 020 |
_c725.00 _a9789389552034 |
||
| 035 | _aEN-111931 | ||
| 037 | _bDBAD/PUB | ||
| 082 | _a658.404 | ||
| 100 | _aPinto, Jeffrey K. | ||
| 245 |
_aProject Management: Achieving Competitive Advantage / _cby Jeffrey K. Pinto |
||
| 250 | _a5th edition | ||
| 260 |
_aNoida _bPearson _c2020 |
||
| 270 |
_a15th floor,Tower-B,Word Trade Tower,Plot no.1,Block-C sec 16, _bNoida _e201301 _k04466540100 _mcompanysecretary.india@pearson.com |
||
| 300 |
_axxii; 564p. _c28cm(pbk) _billustrations, pictures, tables and graphs |
||
| 500 | _aIncludes Subject Index, Glossary | ||
| 942 |
_2ddc _cEN _h658.404 _mPIN |
||